000
00241nam a22000857a 4500
008
170201b xxu||||| |||| 00| 0 eng d
100
_9
2730
_a
CBSE
245
_a
CBSE CCE Sample Papers in Social Science U-Like
260
_a
New delhi
_b
Best Book
_c
2013
999
_c
5897
_d
5897